| 000 | 00676nam a22001817a 4500 | ||
|---|---|---|---|
| 003 | OSt | ||
| 005 | 20250621013122.0 | ||
| 008 | 250619b |||||||| |||| 00| 0 eng d | ||
| 020 | _a978-621-427-243-3 | ||
| 040 |
_aDWCL - Main lib _cOC |
||
| 082 | _aFil. 658.5 C183a 2025 | ||
| 100 | _aCamilar-Serrano, Angelita Ong | ||
| 245 |
_aAchieving excellence: _bintegrating total quality management and operations management/ _cAngelita Ong Camilar - Serrano |
||
| 260 |
_aIntramuros, Manila: _bUnlimited Books Library Services & Publishing Inc., _c c2025. |
||
| 300 |
_axii, 154 pages; _c25cm. |
||
| 504 | _aIncludes bibliographical references. | ||
| 942 |
_2ddc _cBK - FIL _kFil. _n0 |
||
| 999 |
_c3170 _d3170 |
||